<?xml version="1.0" encoding="UTF-8"?><marc:collection xmlns:marc="http://www.loc.gov/MARC21/slim">
  <marc:record>
    <marc:leader>03178nas a2200577 c 4500</marc:leader>
    <marc:controlfield tag="001">010059709</marc:controlfield>
    <marc:controlfield tag="003">DE-101</marc:controlfield>
    <marc:controlfield tag="005">20240717190854.0</marc:controlfield>
    <marc:controlfield tag="007">tu</marc:controlfield>
    <marc:controlfield tag="008">991118d19611968gw w||n|  o|| 0||||1ger c</marc:controlfield>
    <marc:datafield tag="016" ind1="7" ind2=" ">
      <marc:subfield code="2">DE-600</marc:subfield>
      <marc:subfield code="a">3975-5</marc:subfield>
    </marc:datafield>
    <marc:datafield tag="016" ind1="7" ind2=" ">
      <marc:subfield code="2">DE-101</marc:subfield>
      <marc:subfield code="a">010059709</marc:subfield>
    </marc:datafield>
    <marc:datafield tag="022" ind1=" " ind2=" ">
      <marc:subfield code="a">0555-0807</marc:subfield>
    </marc:datafield>
    <marc:datafield tag="022" ind1=" " ind2=" ">
      <marc:subfield code="a">0555-0807</marc:subfield>
      <marc:subfield code="2">6</marc:subfield>
    </marc:datafield>
    <marc:datafield tag="035" ind1=" " ind2=" ">
      <marc:subfield code="a">(DE-599)ZDB3975-5</marc:subfield>
    </marc:datafield>
    <marc:datafield tag="035" ind1=" " ind2=" ">
      <marc:subfield code="a">(OCoLC)183284688</marc:subfield>
    </marc:datafield>
    <marc:datafield tag="040" ind1=" " ind2=" ">
      <marc:subfield code="a">9001</marc:subfield>
      <marc:subfield code="b">ger</marc:subfield>
      <marc:subfield code="c">DE-101</marc:subfield>
      <marc:subfield code="d">9999</marc:subfield>
    </marc:datafield>
    <marc:datafield tag="041" ind1=" " ind2=" ">
      <marc:subfield code="a">ger</marc:subfield>
    </marc:datafield>
    <marc:datafield tag="042" ind1=" " ind2=" ">
      <marc:subfield code="a">zdb</marc:subfield>
    </marc:datafield>
    <marc:datafield tag="044" ind1=" " ind2=" ">
      <marc:subfield code="c">XA-DE</marc:subfield>
    </marc:datafield>
    <marc:datafield tag="082" ind1="7" ind2="4">
      <marc:subfield code="a">320</marc:subfield>
      <marc:subfield code="q">DE-600</marc:subfield>
      <marc:subfield code="2">22sdnb</marc:subfield>
    </marc:datafield>
    <marc:datafield tag="084" ind1=" " ind2=" ">
      <marc:subfield code="a">Dm 540</marc:subfield>
      <marc:subfield code="2">ifzs</marc:subfield>
    </marc:datafield>
    <marc:datafield tag="222" ind1=" " ind2="0">
      <marc:subfield code="a">Pressespiegel der Sowjetzone</marc:subfield>
    </marc:datafield>
    <marc:datafield tag="245" ind1="0" ind2="0">
      <marc:subfield code="a">Pressespiegel der Sowjetzone</marc:subfield>
      <marc:subfield code="b">aus Zeitungen und Zeitschriften hinter dem Eisernen Vorhang</marc:subfield>
      <marc:subfield code="c">Bundesministerium für Gesamtdeutsche Fragen</marc:subfield>
    </marc:datafield>
    <marc:datafield tag="246" ind1="3" ind2=" ">
      <marc:subfield code="a">Pressespiegel der Sowjetzone / Sonderbeilagen</marc:subfield>
    </marc:datafield>
    <marc:datafield tag="264" ind1="3" ind2="1">
      <marc:subfield code="a">Bonn</marc:subfield>
      <marc:subfield code="a">Berlin</marc:subfield>
      <marc:subfield code="b">Bundesmin.</marc:subfield>
      <marc:subfield code="c">1961-1968</marc:subfield>
    </marc:datafield>
    <marc:datafield tag="336" ind1=" " ind2=" ">
      <marc:subfield code="a">Text</marc:subfield>
      <marc:subfield code="b">txt</marc:subfield>
      <marc:subfield code="2">rdacontent</marc:subfield>
    </marc:datafield>
    <marc:datafield tag="337" ind1=" " ind2=" ">
      <marc:subfield code="a">ohne Hilfsmittel zu benutzen</marc:subfield>
      <marc:subfield code="b">n</marc:subfield>
      <marc:subfield code="2">rdamedia</marc:subfield>
    </marc:datafield>
    <marc:datafield tag="338" ind1=" " ind2=" ">
      <marc:subfield code="a">Band</marc:subfield>
      <marc:subfield code="b">nc</marc:subfield>
      <marc:subfield code="2">rdacarrier</marc:subfield>
    </marc:datafield>
    <marc:datafield tag="362" ind1="0" ind2=" ">
      <marc:subfield code="a">1961 - 1968,Juli</marc:subfield>
    </marc:datafield>
    <marc:datafield tag="363" ind1="0" ind2="0">
      <marc:subfield code="8">1.1\x</marc:subfield>
      <marc:subfield code="i">1961</marc:subfield>
    </marc:datafield>
    <marc:datafield tag="363" ind1="1" ind2="0">
      <marc:subfield code="8">1.2\x</marc:subfield>
      <marc:subfield code="j">7</marc:subfield>
      <marc:subfield code="i">1968</marc:subfield>
    </marc:datafield>
    <marc:datafield tag="501" ind1=" " ind2=" ">
      <marc:subfield code="a">Darin: Sonderbeilagen</marc:subfield>
    </marc:datafield>
    <marc:datafield tag="515" ind1=" " ind2=" ">
      <marc:subfield code="a">Periodizität: wöchentl.</marc:subfield>
    </marc:datafield>
    <marc:datafield tag="583" ind1="1" ind2=" ">
      <marc:subfield code="a">Archivierung/Langzeitarchivierung gewährleistet</marc:subfield>
      <marc:subfield code="c">2020</marc:subfield>
      <marc:subfield code="f">PENW</marc:subfield>
      <marc:subfield code="5">DE-5</marc:subfield>
      <marc:subfield code="2">pdager</marc:subfield>
    </marc:datafield>
    <marc:datafield tag="591" ind1=" " ind2=" ">
      <marc:subfield code="a">(üa/Z)</marc:subfield>
    </marc:datafield>
    <marc:datafield tag="651" ind1=" " ind2="7">
      <marc:subfield code="0">(DE-588)4011890-3</marc:subfield>
      <marc:subfield code="0">https://d-nb.info/gnd/4011890-3</marc:subfield>
      <marc:subfield code="0">(DE-101)040118908</marc:subfield>
      <marc:subfield code="a">Deutschland</marc:subfield>
      <marc:subfield code="g">DDR</marc:subfield>
      <marc:subfield code="9">rswk-swf</marc:subfield>
      <marc:subfield code="2">gnd</marc:subfield>
    </marc:datafield>
    <marc:datafield tag="655" ind1=" " ind2="7">
      <marc:subfield code="0">(DE-588)4067510-5</marc:subfield>
      <marc:subfield code="0">https://d-nb.info/gnd/4067510-5</marc:subfield>
      <marc:subfield code="0">(DE-101)040675106</marc:subfield>
      <marc:subfield code="a">Zeitung</marc:subfield>
      <marc:subfield code="2">gnd-content</marc:subfield>
    </marc:datafield>
    <marc:datafield tag="655" ind1=" " ind2="7">
      <marc:subfield code="0">(DE-588)4177322-6</marc:subfield>
      <marc:subfield code="0">https://d-nb.info/gnd/4177322-6</marc:subfield>
      <marc:subfield code="0">(DE-101)041773225</marc:subfield>
      <marc:subfield code="a">Referateorgan</marc:subfield>
      <marc:subfield code="2">gnd-content</marc:subfield>
    </marc:datafield>
    <marc:datafield tag="689" ind1="0" ind2="0">
      <marc:subfield code="0">(DE-588)4011890-3</marc:subfield>
      <marc:subfield code="0">https://d-nb.info/gnd/4011890-3</marc:subfield>
      <marc:subfield code="0">(DE-101)040118908</marc:subfield>
      <marc:subfield code="D">g</marc:subfield>
      <marc:subfield code="a">Deutschland</marc:subfield>
      <marc:subfield code="g">DDR</marc:subfield>
    </marc:datafield>
    <marc:datafield tag="689" ind1="0" ind2=" ">
      <marc:subfield code="5">DE-600</marc:subfield>
      <marc:subfield code="5">DE-600</marc:subfield>
    </marc:datafield>
    <marc:datafield tag="710" ind1="1" ind2=" ">
      <marc:subfield code="0">(DE-588)2028926-1</marc:subfield>
      <marc:subfield code="0">https://d-nb.info/gnd/2028926-1</marc:subfield>
      <marc:subfield code="0">(DE-101)004854950</marc:subfield>
      <marc:subfield code="a">Deutschland</marc:subfield>
      <marc:subfield code="g">Bundesrepublik</marc:subfield>
      <marc:subfield code="b">Bundesministerium für Gesamtdeutsche Fragen</marc:subfield>
      <marc:subfield code="e">Herausgebendes Organ</marc:subfield>
      <marc:subfield code="4">isb</marc:subfield>
      <marc:subfield code="2">gnd</marc:subfield>
    </marc:datafield>
    <marc:datafield tag="751" ind1=" " ind2=" ">
      <marc:subfield code="0">(DE-588)4007666-0</marc:subfield>
      <marc:subfield code="0">https://d-nb.info/gnd/4007666-0</marc:subfield>
      <marc:subfield code="0">(DE-101)040076660</marc:subfield>
      <marc:subfield code="a">Bonn</marc:subfield>
      <marc:subfield code="e">Verbreitungsort</marc:subfield>
      <marc:subfield code="4">dbp</marc:subfield>
      <marc:subfield code="2">gnd</marc:subfield>
    </marc:datafield>
    <marc:datafield tag="751" ind1=" " ind2=" ">
      <marc:subfield code="0">(DE-588)4005728-8</marc:subfield>
      <marc:subfield code="0">https://d-nb.info/gnd/4005728-8</marc:subfield>
      <marc:subfield code="0">(DE-101)040057283</marc:subfield>
      <marc:subfield code="a">Berlin</marc:subfield>
      <marc:subfield code="e">Verbreitungsort</marc:subfield>
      <marc:subfield code="4">dbp</marc:subfield>
      <marc:subfield code="2">gnd</marc:subfield>
    </marc:datafield>
    <marc:datafield tag="751" ind1=" " ind2=" ">
      <marc:subfield code="0">(DE-588)4069304-1</marc:subfield>
      <marc:subfield code="0">https://d-nb.info/gnd/4069304-1</marc:subfield>
      <marc:subfield code="0">(DE-101)04069304X</marc:subfield>
      <marc:subfield code="a">Berlin</marc:subfield>
      <marc:subfield code="e">Verbreitungsort</marc:subfield>
      <marc:subfield code="g">West</marc:subfield>
      <marc:subfield code="4">dbp</marc:subfield>
      <marc:subfield code="2">gnd</marc:subfield>
    </marc:datafield>
    <marc:datafield tag="770" ind1="0" ind2="8">
      <marc:subfield code="i">Supplement</marc:subfield>
      <marc:subfield code="t">Jenseits der Oder-Neiße-Linie</marc:subfield>
      <marc:subfield code="d">Berlin ; Bonn : Bundesmin., 1956-1968</marc:subfield>
      <marc:subfield code="x">0179-6895</marc:subfield>
      <marc:subfield code="w">(DE-600)2085-0</marc:subfield>
      <marc:subfield code="w">(DE-101)010028536</marc:subfield>
    </marc:datafield>
    <marc:datafield tag="780" ind1="0" ind2="0">
      <marc:subfield code="i">Vorg.:</marc:subfield>
      <marc:subfield code="t">Hinter dem Eisernen Vorhang</marc:subfield>
      <marc:subfield code="d">Berlin ; Bonn : Presse- u. Informationsstelle, 1950-1960</marc:subfield>
      <marc:subfield code="x">0179-6887</marc:subfield>
      <marc:subfield code="w">(DE-600)5539-6</marc:subfield>
      <marc:subfield code="w">(DE-101)010078371</marc:subfield>
    </marc:datafield>
    <marc:datafield tag="780" ind1="0" ind2="0">
      <marc:subfield code="i">Vorg.:</marc:subfield>
      <marc:subfield code="t">Kulturspiegel der Sowjetzone</marc:subfield>
      <marc:subfield code="d">Berlin ; Bonn : Presse- u. Informationsstelle, 1956-1960</marc:subfield>
      <marc:subfield code="x">0452-8107</marc:subfield>
      <marc:subfield code="w">(DE-600)5538-4</marc:subfield>
      <marc:subfield code="w">(DE-101)010078355</marc:subfield>
    </marc:datafield>
    <marc:datafield tag="785" ind1="0" ind2="0">
      <marc:subfield code="i">Forts.:</marc:subfield>
      <marc:subfield code="t">Pressespiegel &lt;Berlin&gt; / Blick nach drüben. Blick nach drüben</marc:subfield>
      <marc:subfield code="d">Berlin ; Bonn : [Verlag nicht ermittelbar], 1968-1971</marc:subfield>
      <marc:subfield code="x">0032-7905</marc:subfield>
      <marc:subfield code="w">(DE-600)2806-X</marc:subfield>
      <marc:subfield code="w">(DE-101)010040595</marc:subfield>
    </marc:datafield>
    <marc:datafield tag="785" ind1="0" ind2="0">
      <marc:subfield code="i">Forts.:</marc:subfield>
      <marc:subfield code="t">Pressespiegel &lt;Berlin&gt; / Jenseits von Oder und Neiße. Jenseits von Oder und Neiße</marc:subfield>
      <marc:subfield code="d">Berlin ; Bonn : [Verlag nicht ermittelbar], 1968-1971</marc:subfield>
      <marc:subfield code="x">0555-0793</marc:subfield>
      <marc:subfield code="w">(DE-600)2809-5</marc:subfield>
      <marc:subfield code="w">(DE-101)01004065X</marc:subfield>
    </marc:datafield>
    <marc:datafield tag="850" ind1=" " ind2=" ">
      <marc:subfield code="a">DE-101a</marc:subfield>
      <marc:subfield code="a">DE-101b</marc:subfield>
    </marc:datafield>
  </marc:record>
</marc:collection>
